| 000 | 00000nam##2200000za#4500 |
| 001 | 9.604201 |
| 003 | CaOODSP |
| 005 | 20210624211443 |
| 007 | cr ||||||||||| |
| 008 | 150406|2003||||xxc|||||o f|0| 0 fre|d |
| 040 | |aCaOODSP|bfre |
| 043 | |an-cn--- |
| 086 | 1 |aIN5-1/3-2003F-PDF |
| 110 | 1 |aCanada. |bBureau du surintendant des institutions financières Canada. |bBureau de l'actuaire en chef. |
| 245 | 10|aRégime de pensions du Canada - étude de mortalité |h[ressource électronique] |
| 260 | |aOttawa - Ontario : |bBureau du surintendant des institutions financières. |
| 300 | |a93p.|bgraphiques, tableaux |
| 490 | 1 |aÉtude actuarielle |vN° 3, juillet 2003 |
| 504 | |aBibliographie. |
| 590 | |a12-28-Supp|b2012-06-15 |
| 775 | 08|tCanada Pension Plan - mortality study |w(CaOODSP)9.574459 |
| 830 | #0|aÉtude actuarielle ;|vN° 3, juillet 2003|w(CaOODSP)9.502561 |
| 856 | 40|ahttp://publications.gc.ca|qPDF|s3240 Ko|uhttps://publications.gc.ca/collections/collection_2012/bsif-osfi/IN5-1-3-2003-fra.pdf|yN° 3, juillet 2003 |